[Event "Konnerud CC-ch"]
[Site "Konnerud"]
[Date "2017.02.01"]
[Round "3"]
[White "Ekeland, Anders"]
[Black "Marthinussen, Emma Viktoria Lia"]
[Result "0-1"]
[WhiteElo "1604"]
[BlackElo "1380"]
[PlyCount "52"]
[EventDate "2017.01.11"]
[EventType "swiss"]
[EventRounds "9"]
[EventCountry "NOR"]
[SourceTitle "EXT 2024"]
[Source "ChessBase"]
[SourceDate "2023.10.10"]
[SourceVersion "1"]
[SourceVersionDate "2023.10.10"]
[SourceQuality "1"]

1. e4 e5 2. Nf3 Nc6 3. Bc4 Bc5 4. d3 Nf6 5. Bg5 d6 6. Nc3 Bg4 7. Nd5 Nd4 8. Nxf6+ gxf6 9. Bh4 Rg8 10. h3 Nxf3+ 11. gxf3 Bxh3 12. Qd2 Rg6 13. Bg3 Qd7 14. 0-0-0 0-0-0 15. f4 Bg4 16. f5 Rgg8 17. Rdf1 c6 18. f3 d5 19. Bb3 Bxf5 20. exf5 Rxg3 21. Rxh7 Qxf5 22. Rxf7 Rxf3 23. Rxf3 Qxf3 24. Qe1 Rh8 25. Kd2 Bb4+ 26. c3 Rh2+ 0-1